000 01016nmc a2200349 a 4500
003 AR-BaBNM
005 20251128203921.0
008 125019s1993 ||||||||||||||000 | spa||
020 _a950-755-089-S
040 _cAR-BaBNM
100 1 _aMartínez de Pérez, Norma
245 1 0 _aLa tarea tutorial en el nivel medio
260 _aBuenos Aires
_bBraga
_c1993
300 _a35 p.
_bgráfs.
490 0 _aLineamientos. Cuadernos de orientación educativa
504 _aContiene bibliografía
650 4 _aPROFESORES-TUTORES
650 4 _aPSICOLOGIA DEL ADOLESCENTE
650 4 _aROL DEL DOCENTE
650 4 _aENTREVISTAS
650 4 _aRELACION ALUMNO-DOCENTE
650 4 _aRELACION PADRES-DOCENTE
650 4 _aPROBLEMAS DE COMPORTAMIENTO
650 4 _aPROFESORES DE SECUNDARIA
650 4 _aSIGLO VEINTE
653 _aEDUCACION SECUNDARIA
653 _aORIENTACION EDUCATIVA
700 1 _aBrúcoli, Rosario
800 1 _aPérez Alvárez, Sergio
_edirector
942 _cBK
998 _cGrace
999 _c5455
_d5455